000 00894nam a2200229 i 4500
001 122055
003 ES-MaACL
005 20230906191910.0
007 t|
008 070214s1978 sp r ||||1| spa d
245 0 3 _aLa potestad de orden en los escritores eclesiásticos españoles del siglo XV /
_cMelquiades Andrés [et. al.].
260 _aBurgos :
_bAldecoa,
_c1978.
300 _a303 p. ;
_c22 cm.
490 1 _aTeología del sacerdocio
500 _aPrecede al Tit :Facultad Teológica del Norte de España, Sede de Burgos, Instituto Juan de Avila.
650 4 _aOrden sacerdotal-
_xHistoria de las doctrinas.
_9156805
700 1 _aAndrés, Melquiades.
_921581
710 2 _aFacultad Teológica del Norte de España.
_bInstituto Juan de Avila (
_cBurgos)
_94077
830 0 _aTeología del sacerdocio
_9186553
852 _aES-MaACL
_jA-9081
_bR.98075
999 _c122055
_d122055